| 000 | 01040nam a22003137a 4500 | ||
|---|---|---|---|
| 001 | 5275 | ||
| 003 | FISKH | ||
| 005 | 20241122121522.0 | ||
| 008 | 241122b cb ||||| |||| 00| 0 eng d | ||
| 020 | _a9781556616594 | ||
| 040 |
_aFISKH _beng _cFISKH _dFISKH |
||
| 050 | _aPZ7.E4794 | ||
| 082 | _a813 | ||
| 100 | _aElmer, Robert | ||
| 245 |
_aA Light in the Castle / _cby Robert Elmer |
||
| 260 |
_aMinneapolis : _bBethany House Publishers ; _c1996 . |
||
| 300 |
_a176 pages : _billustrations ; _c21 cm . |
||
| 490 |
_aThe Young Underground _vBook 6 |
||
| 505 | _aV | ||
| 520 | _aIn 1945, while taking a train to Copenhagen to meet the King, Peter and Elise meet a man with a strange clocklike device and later have other strange adventures and encounters. | ||
| 521 | 8 |
_a850
_bLexile |
|
| 521 | 8 |
_aV
_bRaz-Plus |
|
| 650 |
_aDenmark _vFiction |
||
| 650 |
_aBrothers and Sisters _vFiction |
||
| 650 |
_aChristian-life _vFiction |
||
| 700 |
_aElliso, Chris _eillustrator |
||
| 942 |
_2ddc _cBK _n0 |
||
| 999 |
_c5275 _d5275 |
||